Visualizzazione normale
Vista MARC
- Kaczmarek Jan A.P.
di Personal Name
Records bibliografici associati: 1
001 - CONTROL NUMBER
- control field: 43079
003 - CONTROL NUMBER IDENTIFIER
- control field: IT-RoPau
005 - DATE AND TIME OF LATEST TRANSACTION
- control field: 20151127101405.0
008 - FIXED-LENGTH DATA ELEMENTS
- fixed length control field: 151127|| aca||aabn | a|a d
040 ## - CATALOGING SOURCE
- Original cataloging agency: IT-RoPau
- Transcribing agency: IT-RoPau
100 ## - HEADING--PERSONAL NAME
- Personal name: Kaczmarek Jan A.P.
- Relator term: (musica)
- Miscellaneous information: Codice Musica SPICS: 59535
670 ## - SOURCE DATA FOUND
- Source citation: Work cat.: (IT-RoPau)105736: Sironi Alberto Codice regista SPICS: 55957 43075, PINOCCHIO PINOCCHIO (Rif. Codice opera principale : H9375)